000 01856nam a2200385 c 4500
003 BLK
005 20220621111903.0
008 180408b bul|||||r ||||||| ||bul||
010 _aKNG00067169000
020 _a954-769-078-7
_bиздат.: Обсидиан
040 _aBLK
041 _aBUL
_cBUL
080 _aИкономическо положение. Икономическа политика. Управление. Планиране. Производство. Услуги. Цени
_b338
_x(73)(02.062)
_z338(73)(02.062)
080 _aИкономическа психология. Икономическо поведение. Физиологични и психологични елементи. Интереси. Икономически дух
_b330.16
_x(02.062)
_z330.16(02.062)
100 1 _aСтанли, Томас
_eпърви автор
_9366594
700 1 _aЙорданова, Екатерина
_eпрев. от англ.
_9284736
139 _aСтанли, Томас
_bС 69
245 1 0 _aСъседката милионерка
_cТомас Станли; прев. от англ. Екатерина Йорданова.
257 _aUSA
260 София
_bОбсидиан
_c2004
_fСофия : Балканпрес
300 _a367 с.
_bс табл.
_c20 см
380 _a3
500 _aОриг. загл. Millionaire Women Next Door / Thomas J. Stanley. - Офс. изд.
650 4 _aСАЩ - стопанство
_9273843
650 4 _aИкономическо поведение
_9245306
651 4 _aСАЩ
_9179493
653 _aикономическо поведение
653 _aжени
653 _aмилионери
852 _aЦб 228647
856 4 _qpdf
_u
856 4 _qpdf
_u
942 _cKNG
_n0
_01
944 _aCR
_c18.07.2006
_lф /
_kВаля_Йорданова
944 _aED
_c21.07.2016
_lф /
_kЛюдмила_Стоянова
999 _c62942
_d62942